[Event "Prague op-B 12th"]
[Site "Prague"]
[Date "2013.??.??"]
[Round "3"]
[White "Golcman, Evgeny"]
[Black "Sagar, Anjali"]
[Result "0-1"]
[WhiteElo "2258"]
[BlackElo "1842"]
[PlyCount "59"]
[EventDate "2013.01.09"]
[EventType "swiss"]
[EventRounds "9"]
[EventCountry "CZE"]
[SourceTitle "CBM 152 Extra"]
[Source "ChessBase"]
[SourceDate "2013.02.25"]
[SourceVersion "1"]
[SourceVersionDate "2013.02.25"]
[SourceQuality "1"]

1. c4 g6 2. Nc3 Bg7 3. d4 Nf6 4. e4 d6 5. f3 0-0 6. Be3 e5 7. d5 c6 8. Qd2 cxd5 9. cxd5 Nh5 10. 0-0-0 f5 11. Kb1 a6 12. Nge2 b5 13. Nc1 Nf6 14. Bd3 Bd7 15. h3 b4 16. N3e2 a5 17. g4 f4 18. Bf2 Na6 19. Bc4 Qc7 20. b3 Rfb8 21. Nd3 a4 22. Rc1 Qa5 23. Rc2 Bb5 24. Bxb5 Rxb5 25. bxa4 Qxa4 26. Nb2 Qa3 27. Nc4 Qxf3 28. Rf1 Nxe4 29. Qe1 b3 30. axb3 0-1

[Event "Prague op-B 12th"]
[Site "Prague"]
[Date "2013.??.??"]
[Round "2"]
[White "Nemcova, Karin"]
[Black "Sagar, Anjali"]
[Result "0-1"]
[WhiteElo "1658"]
[BlackElo "1842"]
[PlyCount "86"]
[EventDate "2013.01.09"]
[EventType "swiss"]
[EventRounds "9"]
[EventCountry "CZE"]
[SourceTitle "CBM 152 Extra"]
[Source "ChessBase"]
[SourceDate "2013.02.25"]
[SourceVersion "1"]
[SourceVersionDate "2013.02.25"]
[SourceQuality "1"]

1. e4 e5 2. Nf3 Nc6 3. d4 exd4 4. Nxd4 Bc5 5. Be3 Qf6 6. c3 Nge7 7. Bc4 Ne5 8. Be2 0-0 9. 0-0 Qg6 10. Nd2 d5 11. Bh5 Qb6 12. N2b3 Nc4 13. Qe2 Nxe3 14. Qxe3 Bxd4 15. Qxd4 Qxd4 16. Nxd4 dxe4 17. Rfe1 f5 18. Rad1 c6 19. Be2 b5 20. c4 a6 21. Bf1 Kf7 22. a3 Be6 23. Nxe6 Kxe6 24. f3 Rad8 25. fxe4 f4 26. cxb5 cxb5 27. Kf2 Rc8 28. Rc1 Rfd8 29. Rxc8 Nxc8 30. Kf3 g5 31. g3 fxg3 32. hxg3 Nb6 33. Rc1 h5 34. Rc6+ Rd6 35. Rxd6+ Kxd6 36. b3 Ke5 37. Ke3 Nd7 38. Bd3 Nc5 39. Bc2 h4 40. b4 h3 41. Kf3 g4+ 42. Kf2 Nxe4+ 43. Kg1 Nxg3 0-1

[Event "Prague op-B 12th"]
[Site "Prague"]
[Date "2013.??.??"]
[Round "4"]
[White "Sagar, Anjali"]
[Black "Benes, Petr"]
[Result "0-1"]
[WhiteElo "1842"]
[BlackElo "2113"]
[PlyCount "84"]
[EventDate "2013.01.09"]
[EventType "swiss"]
[EventRounds "9"]
[EventCountry "CZE"]
[SourceTitle "CBM 152 Extra"]
[Source "ChessBase"]
[SourceDate "2013.02.25"]
[SourceVersion "1"]
[SourceVersionDate "2013.02.25"]
[SourceQuality "1"]

1. e4 d6 2. d4 Nf6 3. Nc3 g6 4. f4 Bg7 5. Nf3 0-0 6. Bd3 Nc6 7. h3 e5 8. Be3 exf4 9. Bxf4 Nh5 10. Bg5 f6 11. Bc4+ Kh8 12. Bh4 Na5 13. Bf1 g5 14. Bf2 f5 15. Qd2 fxe4 16. Nxg5 d5 17. h4 Bg4 18. Be2 Bxe2 19. Ne6 Qf6 20. Nxf8 Rxf8 21. Qxe2 Nf4 22. Qf1 e3 23. Bxe3 Qe6 24. 0-0-0 Qxe3+ 25. Kb1 Nc4 26. g3 Qxg3 27. Nxd5 Na3+ 28. bxa3 Nxd5 29. Qd3 Rf3 30. Qc4 Nc3+ 31. Kb2 b5 32. Qc6 Nxd1+ 33. Rxd1 Qf4 34. Qe8+ Qf8 35. Qxb5 Qxa3+ 36. Kb1 Rf6 37. Ka1 Qc3+ 38. Qb2 Qxb2+ 39. Kxb2 Rb6+ 40. Kc3 c5 41. Kc4 cxd4 42. c3 Rc6+ 0-1

[Event "Prague op-B 12th"]
[Site "Prague"]
[Date "2013.??.??"]
[Round "8"]
[White "Von Keyserlingk, Chanda"]
[Black "Sagar, Anjali"]
[Result "1/2-1/2"]
[WhiteElo "1753"]
[BlackElo "1842"]
[PlyCount "95"]
[EventDate "2013.01.09"]
[EventType "swiss"]
[EventRounds "9"]
[EventCountry "CZE"]
[SourceTitle "CBM 152 Extra"]
[Source "ChessBase"]
[SourceDate "2013.02.25"]
[SourceVersion "1"]
[SourceVersionDate "2013.02.25"]
[SourceQuality "1"]

1. d4 Nf6 2. c4 g6 3. f3 Bg7 4. e4 d6 5. Nc3 0-0 6. Be3 e5 7. d5 c6 8. Qd2 cxd5 9. cxd5 Nh5 10. Bd3 f5 11. Nge2 a6 12. Nc1 Nd7 13. Nb3 b5 14. 0-0 f4 15. Bf2 g5 16. Ne2 Ndf6 17. Qa5 Qe8 18. Qc7 g4 19. Be1 gxf3 20. gxf3 Qg6+ 21. Kh1 Nxd5 22. Qc6 Be6 23. Rg1 Qf7 24. Qxd6 Ne3 25. Nc5 Bc4 26. Bxc4 Nxc4 27. Qe6 Qxe6 28. Nxe6 Rf6 29. Nxg7 Nxg7 30. Bc3 Re8 31. Rad1 Rg6 32. Rxg6 hxg6 33. Rd5 Re6 34. b3 Ne3 35. Rxe5 Rd6 36. Rg5 Nh5 37. Bd4 Kh7 38. Bxe3 fxe3 39. Rd5 Rc6 40. Rd3 Rc2 41. Rxe3 Rxa2 42. Kg1 Ra1+ 43. Kf2 Rh1 44. Kg2 Rb1 45. e5 Kg7 46. e6 Kf8 47. f4 Ke7 48. Kf3 1/2-1/2